| 000 | 00686nam a2200241Ia 4500 | ||
|---|---|---|---|
| 003 | OSt | ||
| 005 | 20220918204252.0 | ||
| 006 | a|||||r|||| 00| 0 | ||
| 007 | ta | ||
| 008 | 220917b |||||||| |||| 00| 0 eng d | ||
| 024 | _a111,810 | ||
| 037 | _cTextual | ||
| 040 |
_aARTS _cARTS _beng |
||
| 041 |
_2eng _aeng |
||
| 082 | _aV52k52,N81, M1 (RR) | ||
| 100 |
_aHale J R ed _9105852 |
||
| 245 | 0 | _aConcise encyclopaedia of the Italian renaissance with 237 illustrations | |
| 260 |
_aLondon _bThames and Hudson _c1981 |
||
| 300 |
_a360p. illus _ccm. |
||
| 650 | _aHISTORY | ||
| 942 |
_hV52k52,N81, M1 (RR) _cTEXL _2CC |
||
| 999 |
_c235159 _d235159 |
||